000 00513nam a2200169Ia 4500
008 231217s9999 xx 000 0 und d
020 _a81-7758-993-8
041 _aEnglish
082 _a621.381958 STA;26 R
100 _aStallings, William.
245 0 _aComputer organization and architecture : designing for performance
250 _a7th ed.
260 _c2006
_bPearson Education
_aNew Delhi
300 _axiv+778
650 _aComputer,organization,architecture:,designing,performance
942 _cAA
999 _c177688
_d177688